Költők, ringyók, pojácák (válogatott epigrammák)

Bibliographic Details
Main Author: Martialis, Marcus Valerius, asi 39-104 (Author)
Other Authors: Csehy, Zoltán, 1973- (Translator)
Format: Article
Language:Slovak
Hungarian
ISSN:1335-1826
Subjects:

MARC

LEADER 00000nab a2200000 a 4500
001 vtls000860463
003 SK-MaSNL
005 20260304113517.0
008 250429c2003 xo 0 slo
015 |a SNBRB2004/01-02447 
035 |a CLN000212073 
035 |a urn:nbn:sk:snk-abrq3 
035 |a (urnnbn)urn:nbn:sk:snk:ar-002hju 
035 |a (uuid)98370849-3b17-4128-8036-679942ba1e71 
040 |a SNKBUCL  |b slo  |c SNKBUCL  |e AACR2 
041 0 |a hun 
044 |a xo  |c SK 
080 |a 821.124`02-1=511.141  |2 1997 
100 1 |a Martialis, Marcus Valerius,  |d asi 39-104  |4 aut  |9 129097 
245 1 0 |a Költők, ringyók, pojácák  |b (válogatott epigrammák)  |c Marcus Valerius Martialis ; fordította Csehy Zoltán 
505 1 |a Nincsen kentaur itt- -- Nemcsak a rómaiak- -- Ínyenckedő kekeckedők -- Egyenetlen kötet -- Szellemi lakoma -- Apa és költő -- Nyelvművelők -- <<A>> Colosseum megnyitása - a világ hetedik csodája -- Bikasex -- Női gladiátorok -- Phlogis és Chioné -- Jogorvoslat -- <<Az>> igaz recept -- Keservek -- Micsoda kérdés -- <<A>> telek -- Duplán élsz -- Jégcsaptőr -- Priscus és Paula -- Meleg házasság -- Candidus felesége -- Játék -- Ars poetica 
650 0 7 |a epigramy latinské antické  |2 snkbucl  |9 1268284 
655 7 |a články z novín a časopisov  |2 snkbucl  |9 267496 
700 1 |a Csehy, Zoltán,  |d 1973-  |4 trl  |9 86541 
773 0 |t Kalligram  |g Č. 12 (2003), s. 9-17, 2 obál.  |x 1335-1826 
850 |a Slovenská národná knižnica 
852 |a Slovenská národná knižnica 
958 |a article27 
958 |a OND 
958 |a HU 
958 |a LX 
992 |a RBX 
999 |c 2869737  |d 2871667